00802nam a2200229Ii 45000010005000000030009000050080041000140200015000550400033000700410008001030820018001111000039001292450046001682640060002143000012002743360026002863370028003123380027003409400050003679990017004179520138004341509CO-ViMGA241108s9999||||xx |||||||||||||| ||und|| a8480131608 aCO-ViMGAbspaerdacCO-ViMGA0 aspa04a796.3232 A42b1 aJosé Luis Alderete Vicent94894810aBaloncesto técnica individual defensiva 1a[Lugar de publicación no identificado] : Gymnos, 1998 avolumen atextbtxt2rdacontent aunmediatedbn2rdamedia avolumebnc2rdacarrier aidficha_siabuc: 1478. -- ficha_no_siabuc:1509 c43590d43590 001040708001aMEVIGERRbMEVIGERRcGENd2004-07-22o796.3232 A42bpECA15133r2024-11-26 09:16:36tEj.1w2024-11-26yBKz1478 | 1756